Relations with others and subjective wellbeing : culture as moderator /
Saved in:
| Main Author: | |
|---|---|
| Format: | Thesis |
| Published: |
Gombak :
Kulliyyah of Islamic Revealed Knowledge and Human Sciences, International Islamic University Malaysia,
2010
|
| Subjects: | |
| Online Access: | Click here to view 1st 24 pages of the thesis. Members can view fulltext at the specified PCs in the library. |
| Tags: |
Add Tag
No Tags, Be the first to tag this record!
|
| LEADER | 017940000a22003370004500 | ||
|---|---|---|---|
| 001 | 495864 | ||
| 005 | 20100521110900.0 | ||
| 008 | t2010 my a g m | ||
| 035 | |a (Sirsi) 495864 | ||
| 040 | |a UIAM |b eng | ||
| 043 | |a a-my-- | ||
| 050 | |a HN25 | ||
| 100 | 1 | |a Berisha, Elma | |
| 245 | 1 | 0 | |a Relations with others and subjective wellbeing : |b culture as moderator / |c by Elma Berisha |
| 260 | |a Gombak : |b Kulliyyah of Islamic Revealed Knowledge and Human Sciences, International Islamic University Malaysia, |c 2010 | ||
| 300 | |a xii, 72 leaves : |b ill. ; |c 30 cm. | ||
| 500 | |a "A dissertation submitted in partial fulfilment of the requirements for the degree of Master of Human Sciences (Psychology)."--On t.p. | ||
| 500 | |a Abstract in English and Arabic. | ||
| 502 | |a Thesis (MHSPS) -- International Islamic University Malaysia, 2010. | ||
| 504 | |a Includes bibliographical references (leaves 58 - 63). | ||
| 596 | |a 1 | ||
| 650 | 0 | |a Well-being |v Cross-cultural studies | |
| 650 | |a Quality of life |v Cross-cultural studies |x Research | ||
| 655 | 0 | 7 | |a Theses, IIUM local |
| 690 | |a Dissertations, Academic |x Department of Psychology |z IIUM | ||
| 710 | 2 | |a International Islamic University Malaysia. |b Department of Psychology | |
| 856 | 4 | |u http://studentrepo.iium.edu.my/handle/123456789/6788 |z Click here to view 1st 24 pages of the thesis. Members can view fulltext at the specified PCs in the library. | |
| 900 | |a bib-fmy-hj-kam-zhmn-zaj-naw | ||
| 999 | |c 432856 |d 466410 | ||
| 952 | |0 0 |6 T HN 000025 B511R 2010 |7 0 |8 THESES |9 755282 |a IIUM |b IIUM |c MULTIMEDIA |g 0.00 |o t HN25B511R 2010 |p 00011169749 |r 2017-10-19 |t 1 |v 0.00 |y THESIS | ||
| 952 | |0 0 |6 TS CDF HN25B511R 2010 |7 0 |8 THESES |9 838920 |a IIUM |b IIUM |c MULTIMEDIA |g 0.00 |o ts cdf HN25B511R 2010 |p 11100326047 |r 2017-10-27 |t 1 |v 0.00 |y THESISDIG | ||
